Together Towards Safer India II-Ix (Record no. 5090)

MARC details
000 -LEADER
fixed length control field 00222nam a22000857a 4500
008 - FIXED-LENGTH DATA ELEMENTS--GENERAL INFORMATION
fixed length control field 161228b xxu||||| |||| 00| 0 eng d
100 ## - MAIN ENTRY--PERSONAL NAME
9 (RLIN) 2202
Personal name CBSE
245 ## - TITLE STATEMENT
Title Together Towards Safer India II-Ix
260 ## - PUBLICATION, DISTRIBUTION, ETC. (IMPRINT)
Place of publication, distribution, etc. NEw delhi
Name of publisher, distributor, etc. CBSE
Date of publication, distribution, etc. 2009
Holdings
Withdrawn status Lost status Source of classification or shelving scheme Damaged status Koha normalized classification for sorting Not for loan Home library Current library Shelving location Date acquired Total Checkouts Total Renewals Full call number Barcode Date last seen Date last checked out Price effective from Koha item type
    Dewey Decimal Classification   300_000000000000000   Good Samaritan School Library Good Samaritan School Library Social Science 12/28/2016 5 1 300 CBS10396 12/21/2023 12/14/2023 12/28/2016 BOOK

Powered by Koha